000 01017nac a22003017a 4500
001 BR8104530
003 BR-BrBNA
005 20240105115035.0
008 230509b bl.|||m| |||| 00| 0 por d
040 _aBR-BrBNA
_bpor
_cBiblioteca Nacional de Agricultura
072 _aE30; E15; E50
090 _aE30 BR8104530
110 1 _aFundacao de Informacoes para o Desenvolvimento de Pernambuco, Recife (Brasil)
_94868
245 1 _aGoiana [analise economica, custo de producao, industria, comercio, Brasil]
260 3 _aRecife, PE (Brasil):
_c1981.
300 _a88 p.
490 _aMonografias Municipais - Fundacao de Informacoes para o Desenvolvimento de Pernambuco (Brazil)
_vno. 4
_x
500 _a16 ref.
650 _aDESENVOLVIMENTO ECONOMICO
650 _aANALISE ECONOMICA
650 _aDESENVOLVIMENTO SOCIAL
650 _aCUSTO DE PRODUCAO
650 _aCOMERCIO
650 _aINDUSTRIA
650 _aPERNAMBUCO
909 _a202312
_bLúcia Elande
_c55
_dLúcia Elande
942 _2AGRIS
_n0
_cMS
999 _c272706
_d272706